Joji - WANTED U - Lyrics - Statistics

General Stats
  • This quiz has been taken 12 times
  • The average score is 150 of 180
Answer Stats
Hint Answer % Correct
a
100%
been
100%
can
100%
Chorus I've
100%
I
100%
it
100%
I've
100%
know,
100%
know
100%
life
100%
life,
100%
long
100%
me
100%
me,
100%
my
100%
on
100%
take
100%
time,
100%
time
100%
wanted
100%
when
100%
you
100%
you,
100%
You
100%
your
100%
and
86%
And
86%
Are
86%
at
86%
blue
86%
face
86%
feeling
86%
fucking
86%
had
86%
lie,
86%
see
86%
slowly?
86%
slowly,
86%
so
86%
So
86%
thousand
86%
To
86%
to
86%
turn
86%
waiting
86%
whole
86%
alive,
71%
alive
71%
broken
71%
can't
71%
Fornicate
71%
homes,
71%
I'm
71%
inside
71%
into
71%
make
71%
missing
71%
move,
71%
no
71%
out
71%
promise
71%
shapes
71%
truths,
71%
way,
71%
ways,
71%
wholesome
71%
with
71%
won't
71%
all
57%
all,
57%
am,
57%
breath
57%
folds,
57%
good
57%
hanging
57%
Verse 1 Here
57%
noose,
57%
not
57%
punish
57%
We'll
57%
Before
43%
hiding
43%
more,
43%
pull
43%
smille
43%
tell,
43%
telling
43%
things
43%
throw
43%
Torn
43%
trial,
43%
up
43%
answers
29%
correlate
29%
If
29%
No matching quizzes found
Score Distribution
Percent of People with Each Score
Percentile by Number Answered
Your Score History
You have not taken this quiz